000 00562nam a22001937a 4500
005 20260416122052.0
010 _aENG-148263
020 _a9780199480388
_c450.00
035 _aEN-131795
037 _bDBAD
082 _a150
100 _aJahanbegloo, Ramin
245 _aLetters to a Young Philosopher/
_cRamin Jahanbegloo
250 _a1
260 _aNew Delhi
_bOxford University Press
_c2018
270 _a2/11 GrounD Floor, Ansari Road, Darya Ganj
_bNew Delhi
_e110002
300 _a152p.
_c19cm(hb)
942 _2ddc
_cEN
_h150
_mJAH
999 _c215909
_d215909